Deina ta polla : a classicist's checklist of twenty literary-critical positions /

Bibliographic Details
Main Author: Rosenmeyer, Thomas G.
Format: Book
Language:English
Published: Buffalo : Dept. of Classics, State University of New York at Buffalo, 1988.
Series:Arethusa monographs ; 12.
Subjects:

MARC

Tag First Indicator Second Indicator Subfields
LEADER 00000cam a2200000 a 4500
001 in00000893404
005 20151019155544.0
008 890527s1988 nyu b s00010 eng
010 |a  88188309  
020 |a 0930881095 
035 |a (OCoLC)18006919 
035 |9 AEK7769AM 
040 |a DLC  |c DLC  |d TXA  |d UtOrBLW 
049 |a TXAM  |c [A12732343] 
050 0 0 |a PA49  |b .R64 1988 
082 0 |a 880/.09  |2 19 
100 1 |a Rosenmeyer, Thomas G. 
245 1 0 |a Deina ta polla :  |b a classicist's checklist of twenty literary-critical positions /  |c by Thomas G. Rosenmeyer. 
264 1 |a Buffalo :  |b Dept. of Classics, State University of New York at Buffalo,  |c 1988. 
300 |a v, 74 pages ;  |c 23 cm. 
336 |a text  |b txt  |2 rdacontent 
337 |a unmediated  |b n  |2 rdamedia 
338 |a volume  |b nc  |2 rdacarrier 
490 1 |a Arethusa monographs ;  |v 12 
504 |a Bibliography: pages 64-74. 
650 0 |a Classical literature  |x History and criticism. 
650 0 |a Criticism  |v Terminology. 
830 0 |a Arethusa monographs ;  |v 12. 
999 |a MARS 
999 f f |s e3392638-f923-3889-ab9d-dace4d106fb0  |i ab6cd307-0b8c-3aa2-9454-81b9818a3dac  |t 0 
952 f f |p ric  |a Texas A&M University  |b Rellis Campus  |c Joint Library Facility  |s JLF  |d Remote Storage  |t 0  |e PA49 .R64 1988  |h Library of Congress classification  |i unmediated -- volume  |m A14812732343 
998 f f |a PA49 .R64 1988  |t 0  |l Remote Storage